Das Amt Grünhof im Samland 1600 und 1745 bis 1750
| Titel: | Das Amt Grünhof im Samland 1600 und 1745 bis 1750 : Nach den Amtsrechnungen in den Ost. Fol. 4143, 4144 und 4286 bis 4290 im Staatsarchiv Königsberg, Geheimes Staatsarchiv Preußischer Kulturbesitz |
|---|---|
| Verfasser: | |
| In: |
Altpreußische Geschlechterkunde, Band 12 (1981), Seite 190-204 alle Artikel anzeigen |
| Veröffentlicht: | 1981 |
| Format: | Aufsatz |
| Sprache: | Deutsch |
X
alg: 39189684 001A $01999:11-11-16 001B $01999:12-03-21 $t19:05:42.000 001D $01999:11-11-16 001U $0utf8 001X $00 002@ $0Aox 003@ $0391896849 007A $0391896849 $aHEB 007T $0Herd21340 010@ $ager 011@ $a1981 021A $aDas @Amt Grünhof im Samland 1600 und 1745 bis 1750 $dNach den Amtsrechnungen in den Ost. Fol. 4143, 4144 und 4286 bis 4290 im Staatsarchiv Königsberg, Geheimes Staatsarchiv Preußischer Kulturbesitz 028A $aBartsch $dCharlotte 031A $d12 $h190-204 $j1981 039B $aIn $8--Abvc--. Altpreußische Geschlechterkunde. - Hamburg : Verein für Familienforschung in Ost- und Westpreussen, 1927-2020. - ISSN 0344-5593 $x198100000120000810 $904779495X 045F $a900.943820903 $eDDC23BSB 045F/01 $a900 045F/03 $f0903 045F/03 $g4382 045F/03 $g43832 045T $a8,1 $a9,10 lok: 39189684 78 exp: 39189684 78 1 #EPN 201B/01 $019-04-17 $t10:52:53.000 201U/01 $0utf8 203@/01 $0787992445 208@/01 $a11-11-16 $be 209A/01 $a/ $f000 $x00 220C/01 $aTitelaufnehmer: kl 244Z/01 $2Trx $#Prusy Wschodnie i Zachodnie $8--Trx--Ost- und Westpreußen $x01 $939113373X 244Z/01 $2Trx $8--Trx--Grünhof$gAmt $x02 $9391178989 244Z/01 $aGeschichte 1600-1750 $x03 244Z/01 $2Trx $#ametid, kontorid $#įstaigos $#Administrative offices $#hivatalok $#urzędy $#úrady $#úřady $8--Trx--Ämter $x04 $9391368400 244Z/01 $2Trx $#valitsus, riiklik $#valstybės valdymas $#Administration, state $#közigazgatás, állami $#administracja państwowa $#správa štátna $#správa státní $#Kreise $#Regierungsbezirke $#Wojewodschaften $#powiaty $#województwa $#gminy $#okresy $#vládne obvody $8--Trx--Verwaltung, staatliche $x05 $9391356488 244Z/01 $2Trx $8--Trx--Zeitschriftenaufsatz $x06 $9391384341 245Z/01 $a13.03 $x01 245Z/01 $a03.03.01 $x02 247C/01 $82080>Marburg/Lahn, Herder-Institut, Forschungsbibliothek, Bibliographieportal $9336309341
| LEADER | 00000caa a22000002c 4500 | ||
|---|---|---|---|
| 001 | 391896849 | ||
| 003 | DE-603 | ||
| 005 | 20210312190542.0 | ||
| 007 | tu | ||
| 008 | 161111s1981 xx |||| | u00||u|ger c | ||
| 035 | |a (DE-599)HEB391896849 | ||
| 040 | |a DE-603 |b ger |c DE-603 |d DE-603 | ||
| 041 | |a ger | ||
| 082 | 0 | 4 | |8 1\u |a 900.943820903 |q DE-101 |2 23/BSB |
| 084 | |a 8,1 |a 9,10 |2 ssgn | ||
| 085 | |8 1\u |b 900 | ||
| 085 | |8 1\u |z 1 |s 0903 | ||
| 085 | |8 1\u |z 2 |s 4382 | ||
| 085 | |8 1\u |z 2 |s 43832 | ||
| 100 | 1 | |a Bartsch, Charlotte | |
| 245 | 0 | 0 | |a Das Amt Grünhof im Samland 1600 und 1745 bis 1750 |b Nach den Amtsrechnungen in den Ost. Fol. 4143, 4144 und 4286 bis 4290 im Staatsarchiv Königsberg, Geheimes Staatsarchiv Preußischer Kulturbesitz |
| 264 | 0 | |c 1981 | |
| 773 | 0 | 8 | |i In |t Altpreußische Geschlechterkunde |d Hamburg : Verein für Familienforschung in Ost- und Westpreussen, 1927-2020 |x 0344-5593 |g Band 12 (1981), Seite 190-204 |w (DE-603)04779495X |w (DE-600)532741-6 |
| 924 | 0 | |9 2080 |a (DE-603)787992445 |b DE-2080 |c HES |d d |g / | |


